01917 a2200169 45000010006000000050017000060080041000230030015000640400040000790800104001192450045002232640027002683000019002955051393003140410008017071000032017155018620260407155802.0260407a1961 arg spa dAR-UNSa-BCEJYS aAR-UNSa-BCEJYSbspacAR-UNSa-BCEJYS a330.1xCiencia económica. Conceptos fundamentales de teoría económica. Valor. Capital. Fondos10aLecciones sobre principios de economía 1aMadrid :bTecnosc1961 a371 p.c23 cm. aPrimera Parte: 1. ¿Qué es la economía? - 2. Una ayuda de los libros de cuentos - 3. La renta nacional - 4. Introducción a la teoría de valor - 5. Demanda y utilidad - 6. Demanda y utilidad: algunas dificultades - 7. Demanda, oferta y valor competitivos - 8. Los factores de producción y su combinación - 9. Costes crecientes y decrecientes - 10. Monopolio - 11. La competencia monopolística - 12. El periodo corto - 13. Oferta conjunta y discriminación de precios - 14. Algunos defectos de la libertad económica -- Segunda Parte: 1. De nuevo la teoría del valor - 2. La teoría básica de la distribución - 3. La renta de la tierra - 4. El interés del capital: la demanda - 5. El interés del capital: la oferta - 6. Capital e interés: la intervención estatal - 7. Los beneficios de la empresa - 8. La demanda de trabajo - 9. La demanda de trabajo: algunas complicaciones - 10. La oferta de trabajo: la población - 11. La oferta de trabajo: horas, eficiencia y destreza - 12. Cómo funciona todo ello -- Tercera Parte: 1. El dinero en una sociedad estable - 2. El significado del equilibrio monetario - 3. Banca y equilibrio monetario - 4. La tesis del estancamiento - 5. De nuevo, el tipo de interés - 6. El ciclo económico: modelos e instrumentos - 7. El ciclo económico: política general - 8. El ciclo económico: política de salarios.  aspa1 aRobertson, Dennis Holme Sir